A treasury of little golden books : (Record no. 110040)
[ view plain ]
| 000 -LEADER | |
|---|---|
| fixed length control field | 00417nam a2200121 a 4500 |
| 005 - DATE AND TIME OF LATEST TRANSACTION | |
| control field | 20140414131848.0 |
| 008 - FIXED-LENGTH DATA ELEMENTS--GENERAL INFORMATION | |
| fixed length control field | 100717s19uu xx 00 eng d |
| 050 ## - LIBRARY OF CONGRESS CALL NUMBER | |
| Classification number | M 398.2 |
| Item number | B86 1989 |
| 100 ## - MAIN ENTRY--PERSONAL NAME | |
| Personal name | Buell, Ellen Lewis |
| 245 ## - TITLE STATEMENT | |
| Title | A treasury of little golden books : |
| Remainder of title | 36 all-time favorite stories / |
| Statement of responsibility, etc | selected and edited by Ellen Lewis Buell. |
| 260 ## - PUBLICATION, DISTRIBUTION, ETC. (IMPRINT) | |
| Place of publication, distribution, etc | Racine, Wisconsin : |
| Name of publisher, distributor, etc | Western Pub CO, |
| Date of publication, distribution, etc | 1989. |
| Withdrawn status | Lost status | Damaged status | Home library | Current library | Shelving location | Date acquired | Total Checkouts | Full call number | Barcode | Date last seen | Price effective from | Koha item type |
|---|---|---|---|---|---|---|---|---|---|---|---|---|
| Munich Library | Munich Library | Main Section | 07/17/2010 | M 398.2 B86 1989 | M0284 | 04/14/2014 | 04/14/2014 | Books |